000
00268nam a22001217a 4500
041
_a
ENG
100
_a
Joshi.S.M
245
_a
Maharashtra Loksewa Ayog
260
_a
Pune
_b
Pragati Book
_c
2001
300
_a
7.76
650
_a
Competitive Exam
856
_u
Competitive Exam
999
_c
965
_d
965